00512 2200193 4500001002100000008004100021035002000062245005500082100001200137260004000149300001200189020001800201084001700219082000800236650001600244990001800260990002000278990002000298INLIS000000000000975 ind  a0010-0724000975 aLautan Dan SamudrabSeri Pengetahuan AnakcWardani aWardani aSurabaya :bCitra Adi Bangsa,c2007 a48 hlm. a979.9414.72.5 a551.46 WAR s a551 aOseanografi aP29/CP/24/975 aP29/CP/24/975.3 aP29/CP/24/975.2